000 003600000a22001570004500
001 003494
003 MACL
040 _aMACL
090 _c15487
_d15486
100 _aChakrabarti, Sobdo
245 _aThe Sonnets of WB Yeats
_bMystic Dimensions
_cSobdo Chakrabarti
260 _aAuthorspress,
_c2004
350 _a250
650 _aHistory
942 _k248
_cBook
999 _c15394
_d15394